Wörterbuch der deutschen und niederländischen Rechtssprache - [Rezension]

Saved in:
Bibliographic Details
Main Author: Kronke, Herbert (Author)
Format: Review
Language:German
Published: 1978
In: Rabels Zeitschrift für ausländisches und internationales Privatrecht
Year: 1978, Volume: 42, Pages: 595
ISSN:1868-7059
Subjects:
Online Access:Verlag, kostenfrei registrierungspflichtig, Volltext: http://www.digizeitschriften.de/download/PPN598192565_0042/LOG_0058.pdf
Get full text
Author Notes:Herbert Kronke

MARC

LEADER 00000caa a22000002c 4500
001 1513330721
003 DE-627
005 20240705205835.0
007 cr uuu---uuuuu
008 150811s1978 xx |||||oo 00| ||ger c
035 |a (DE-627)1513330721 
035 |a (DE-576)443330727 
035 |a (DE-599)BSZ443330727 
035 |a (OCoLC)1340703595 
040 |a DE-627  |b ger  |c DE-627  |e rakwb 
041 |a ger 
084 |a 19  |2 sdnb 
100 1 |a Kronke, Herbert  |d 1950-  |0 (DE-588)124334415  |0 (DE-627)085793604  |0 (DE-576)161839681  |4 aut 
245 1 0 |a Wörterbuch der deutschen und niederländischen Rechtssprache - [Rezension]  |c Herbert Kronke 
264 1 |c 1978 
300 |a 1 
336 |a Text  |b txt  |2 rdacontent 
337 |a Computermedien  |b c  |2 rdamedia 
338 |a Online-Ressource  |b cr  |2 rdacarrier 
500 |a Gesehen am 11.08.2015 
655 7 |a Rezension  |0 (DE-588)4049712-4  |0 (DE-627)106186019  |0 (DE-576)209083166  |2 gnd-content 
773 0 8 |i In  |t Rabels Zeitschrift für ausländisches und internationales Privatrecht  |d Tübingen : Mohr Siebeck, 1961  |g 42(1978), Seite 595  |h Online-Ressource  |w (DE-627)479856826  |w (DE-600)2177814-0  |w (DE-576)117278386  |x 1868-7059  |7 nnas  |a Wörterbuch der deutschen und niederländischen Rechtssprache - [Rezension] 
773 1 8 |g volume:42  |g year:1978  |g pages:595  |g extent:1  |a Wörterbuch der deutschen und niederländischen Rechtssprache - [Rezension] 
776 0 8 |i Erscheint auch als  |n Druck-Ausgabe  |a Kronke, Herbert, 1950 -   |t Wörterbuch der deutschen und niederländischen Rechtssprache - [Rezension]  |d 1978  |w (DE-627)1513330454  |w (DE-576)44333045X 
787 0 8 |i Rezension von  |t Wörterbuch der deutschen und niederländischen Rechtssprache ; 1: Niederländisch-Deutsch  |d München : Beck, 1976  |h 365 S.  |w (DE-627)1075910331  |w (DE-576)005910331  |z 9026807074  |z 3406066720 
856 4 0 |u http://www.digizeitschriften.de/download/PPN598192565_0042/LOG_0058.pdf  |x Verlag  |z kostenfrei registrierungspflichtig  |3 Volltext 
951 |a AR 
992 |a 20150811 
993 |a Review 
994 |a 1978 
998 |g 124334415  |a Kronke, Herbert  |m 124334415:Kronke, Herbert  |d 910000  |d 950000  |d 950950  |e 910000PK124334415  |e 950000PK124334415  |e 950950PK124334415  |k 0/910000/  |k 1/910000/950000/  |k 2/910000/950000/950950/  |p 1  |x j  |y j 
999 |a KXP-PPN1513330721  |e 2860098437 
BIB |a Y 
SER |a journal 
JSO |a {"language":["ger"],"relHost":[{"titleAlt":[{"title":"RabelsZ"},{"title":"Rabels Zeitschrift"},{"title":"Zeitschrift für ausländisches und internationales Privatrecht"}],"physDesc":[{"extent":"Online-Ressource"}],"id":{"issn":["1868-7059"],"zdb":["2177814-0"],"eki":["479856826"]},"pubHistory":["26.1961 -"],"recId":"479856826","note":["Gesehen am 11.03.2024","Parallelsacht. ab 71.2007"],"title":[{"title":"Rabels Zeitschrift für ausländisches und internationales Privatrecht","subtitle":" = The Rabel journal of comparative and international private law","title_sort":"Rabels Zeitschrift für ausländisches und internationales Privatrecht"}],"type":{"bibl":"periodical","media":"Online-Ressource"},"name":{"displayForm":["Max-Planck-Institut für Ausländisches und Internationales Privatrecht"]},"language":["ger"],"part":{"text":"42(1978), Seite 595","year":"1978","extent":"1","volume":"42","pages":"595"},"titleTranslated":[{"translated":"The Rabel journal of comparative and international private law"}],"disp":"Wörterbuch der deutschen und niederländischen Rechtssprache - [Rezension]Rabels Zeitschrift für ausländisches und internationales Privatrecht","origin":[{"dateIssuedDisp":"1961-","dateIssuedKey":"1961","publisherPlace":"Tübingen ; Tübingen","publisher":"Mohr Siebeck ; Mohr"}]}],"name":{"displayForm":["Herbert Kronke"]},"origin":[{"dateIssuedDisp":"1978","dateIssuedKey":"1978"}],"title":[{"title":"Wörterbuch der deutschen und niederländischen Rechtssprache - [Rezension]","title_sort":"Wörterbuch der deutschen und niederländischen Rechtssprache - [Rezension]"}],"note":["Gesehen am 11.08.2015"],"type":{"media":"Online-Ressource","bibl":"article-journal"},"recId":"1513330721","person":[{"display":"Kronke, Herbert","family":"Kronke","role":"aut","given":"Herbert"}],"id":{"eki":["1513330721"]},"physDesc":[{"extent":"1 S."}]} 
SRT |a KRONKEHERBWOERTERBUC1978